Pinturas da coleção da Fundação Calouste Gulbenkian (Record no. 45402)
[ view plain ]
| 000 -Etiqueta do registo | |
|---|---|
| Valores | 00415nam a2200157 4500 |
| 100 ## - Dados gerais de processamento | |
| Dados gerais | 20260106 pory50 |
| 101 ## - Língua de publicação | |
| Língua | Português |
| 102 ## - País de publicação | |
| País | Portugal |
| 200 ## - Titulo e menção de responsabilidade | |
| Título próprio | Pinturas da coleção da Fundação Calouste Gulbenkian |
| Primeira menção de responsabilidade | Museu Nacional de Arte Antiga |
| 210 ## - Publicação | |
| Local de publicação | Lisboa |
| Nome do editor | Neorogravura |
| Data de publicação | 1961 |
| 215 ## - Descrição física | |
| Paginação / Volumes | 118 p. |
| Outras indicações físicas | il. |
| Dimensões | 22 cm |
| 675 ## - CDU | |
| Notação | 061.5 |
| 801 ## - Fonte de origem | |
| País | PT |
| Agência | BMR |
| Regras de catalogação | RPC |
| 990 ## - Elementos KOHA | |
| Tipo de documento | Livro |
| Estado | Biblioteca de origem | Código de barras | Cota | Permissão de empréstimo | Tipo de documento | Empréstimo | Forma de aquisição |
|---|---|---|---|---|---|---|---|
| Biblioteca Municipal de Redondo | 054136 | O69.5 PIN | Consulta presencial | MON | Biblioteca Municipal de Redondo |